00843cam a22002173a 450000100060000000300060000600500170001200800410002904000150007004200070008505000090009210000300010124502640013126000290039550600300042451600200045465300460047465300340052083000290055485600420058319961PGUSA20140828083425.0061129s2006||||xxu|||||s|||||000 | eng d aPGUSAbeng adc 4aE0111 aMindeleff, Cosmos,d1863-10aAboriginal Remains in Verde Valley, Arizona :bThirteenth Annual Report of the Bureau of Ethnology to the Secretary of the Smithsonian Institution, 1891-92, Government Printing Office, Washington, 1896, pages 179-262h[electronic resource] /cCosmos Mindeleff bProject Gutenberg,c2006 aPublic domain in the USA. aElectronic text aVerde River Valley (Ariz.) -- Antiquities aPueblo Indians -- Antiquities 0aProject Gutenbergv1996140uhttp://www.gutenberg.org/ebooks/19961